000
00253nam a2200109Ia 4500
008
200302s9999 xx 000 0 und d
100
_a
Mikhail Posokhin
245
_a
Towns for People
260
_b
Progress Publishers
260
_c
1980
300
_a
219 P.,
999
_c
5680
_d
5680